Loading...
| Beliefs | 7 | 15.71 | 2,571% | 257% | 257% |
| Current Events | 2 | 10.00 | 1,800% | 0% | 300% |
| Fine Arts - Auditory | 7 | 14.29 | 514% | 171% | 600% |
| Fine Arts - Other Arts | 1 | 10.00 | 0% | 600% | 0% |
| Fine Arts - Visual | 5 | 18.00 | 720% | 360% | 600% |
| Geography | 2 | 20.00 | 1,800% | 300% | 600% |
| History - American | 3 | 23.33 | 3,600% | 400% | 400% |
| History - European | 3 | 10.00 | 1,200% | 0% | 400% |
| History - World | 6 | 18.33 | 1,800% | 500% | 300% |
| Literature - American | 5 | 12.00 | 0% | 360% | 360% |
| Literature - British | 5 | 10.00 | 720% | 360% | 120% |
| Literature - European | 5 | 20.00 | 2,160% | 240% | 600% |
| Literature - World | 1 | 10.00 | 0% | 600% | 0% |
| Other Academic | 1 | 20.00 | 0% | 600% | 600% |
| Other Arts: Auditory | 1 | 20.00 | 0% | 600% | 600% |
| Other Arts: Visual | 1 | 10.00 | 3,600% | 0% | 0% |
| Other Science: Computer Science | 1 | 10.00 | 0% | 600% | 0% |
| Other Science: Earth Science | 1 | 20.00 | 0% | 600% | 600% |
| Other Science: Math | 1 | 10.00 | 3,600% | 0% | 0% |
| Philosophy | 5 | 18.00 | 2,880% | 240% | 360% |
| Science - Biology | 6 | 18.33 | 2,400% | 300% | 400% |
| Science - Chemistry | 4 | 20.00 | 2,700% | 300% | 450% |
| Science - Physics | 5 | 18.00 | 2,880% | 240% | 360% |
| Social Science | 4 | 20.00 | 0% | 600% | 600% |
| 10 | 20.00 | 2,160% | 300% | 540% |